| 000 -CABECERA |
| Longitud fija campo de control |
01375aam a22003257a 4500 |
| 003 - IDENTIFICADOR DEL NÚMERO DE CONTROL |
| Identificador del número de control |
OSt |
| 005 - FECHA Y HORA DE LA ÚLTIMA TRANSACCIÓN |
| Fecha y hora de la última transacción |
20171019180311.0 |
| 008 - CÓDIGOS DE INFORMACIÓN DE LONGITUD FIJA |
| Códigos de información de longitud fija |
171019e201705 spca||| |||| 0|0 0 cat|d |
| 017 ## - NÚMERO DE COPYRIGHT O DE DEPÓSITO LEGAL |
| Número de copyright o de depósito legal |
DL B 265-2017 |
| Agencia que asigna el número |
Biblioteca de Catalunya |
| 020 ## - NÚMERO INTERNACIONAL NORMALIZADO PARA LIBROS |
| Número Internacional Normalizado para Libros (ISBN) |
9788416853052 |
| 020 ## - NÚMERO INTERNACIONAL NORMALIZADO PARA LIBROS |
| Número Internacional Normalizado para Libros (ISBN) |
9788498509793 |
| Qualifying information |
(Ajuntament de Barcelona) |
| 040 ## - FUENTE DE LA CATALOGACIÓN |
| Centro catalogador de origen |
ES-BaUPF |
| Lengua de catalogación |
cat |
| Centro transcriptor |
CDMR |
| 100 1# - PUNTO DE ACCESO PRINCIPAL-NOMBRE DE PERSONA |
| Nombre de persona |
Capdevila i Candell, Mireia, |
| Término indicativo de función |
autor |
| 245 10 - MENCIÓN DE TÍTULO |
| Título |
Nazis a Barcelona |
| Resto del título |
: l'esplendor feixista de postguerra (1939-1945) / |
| Mención de responsabilidad, etc. |
Mireia Capdevila, Francesc Vilanova |
| 260 ## - PUBLICACIÓN, DISTRIBUCIÓN, ETC. (PIE DE IMPRENTA) |
| Lugar de publicación, distribución, etc. |
Barcelona : |
| Nombre del editor, distribuidor, etc. |
L'Avenç : |
| -- |
Ajuntament de Barcelona : |
| -- |
Fundació Carles Pi i Sunyer, |
| Fecha de publicación, distribución, etc. |
2017 |
| 300 ## - DESCRIPCIÓN FÍSICA |
| Extensión |
229 pàgines : |
| Otras características físicas |
il·lustracions ; |
| Dimensiones |
26 cm |
| 504 ## - NOTA DE BIBLIOGRAFÍA, ETC |
| Nota de bibliografía, etc. |
Referències bibliogràfiques |
| 546 ## - NOTA DE LENGUA |
| Nota de lengua |
Text en català, alguns fragments en castellà |
| 650 #7 - PUNTO DE ACCESO ADICIONAL DE MATERIA - TÉRMINO DE MATERIA |
| Término de materia o nombre geográfico como elemento inicial |
Franquisme |
| Subdivisión geográfica |
Catalunya |
| -- |
Barcelona |
| Subdivisión de materia general |
Història |
| Fuente del encabezamiento o término |
lemac |
| 650 #7 - PUNTO DE ACCESO ADICIONAL DE MATERIA - TÉRMINO DE MATERIA |
| Término de materia o nombre geográfico como elemento inicial |
Feixisme |
| Subdivisión geográfica |
Catalunya |
| -- |
Barcelona |
| Subdivisión de materia general |
Història |
| Subdivisión cronológica |
S. XX |
| Fuente del encabezamiento o término |
lemac |
| 650 #7 - PUNTO DE ACCESO ADICIONAL DE MATERIA - TÉRMINO DE MATERIA |
| Término de materia o nombre geográfico como elemento inicial |
Nacionalsocialisme |
| Subdivisión geográfica |
Catalunya |
| -- |
Barcelona |
| Subdivisión de materia general |
Història |
| Subdivisión cronológica |
S. XX |
| Fuente del encabezamiento o término |
lemac |
| 650 #9 - PUNTO DE ACCESO ADICIONAL DE MATERIA - TÉRMINO DE MATERIA |
| Término de materia o nombre geográfico como elemento inicial |
Propaganda política |
| Fuente del encabezamiento o término |
thub |
| 651 #7 - PUNTO DE ACCESO ADICIONAL DE MATERIA - NOMBRE GEOGRÁFICO |
| Nombre geográfico |
Barcelona (Catalunya) |
| Subdivisión de materia general |
Història |
| Subdivisión cronológica |
1939-1975 |
| Fuente del encabezamiento o término |
lemac |
| 651 #9 - PUNTO DE ACCESO ADICIONAL DE MATERIA - NOMBRE GEOGRÁFICO |
| Nombre geográfico |
Alemanya |
| Fuente del encabezamiento o término |
thub |
| 651 #9 - PUNTO DE ACCESO ADICIONAL DE MATERIA - NOMBRE GEOGRÁFICO |
| Nombre geográfico |
Itàlia |
| Fuente del encabezamiento o término |
thub |
| 700 1# - PUNTO DE ACCESO ADICIONAL - NOMBRE DE PERSONA |
| Nombre de persona |
Vilanova, Francesc, |
| Término indicativo de función |
autor |
| 710 2# - PUNTO DE ACCESO ADICIONAL - NOMBRE DE ENTIDAD |
| Nombre de entidad o nombre de jurisdicción como elemento inicial |
Barcelona (Catalunya). |
| Unidad subordinada |
Ajuntament |
| 710 2# - PUNTO DE ACCESO ADICIONAL - NOMBRE DE ENTIDAD |
| Nombre de entidad o nombre de jurisdicción como elemento inicial |
Fundació Carles Pi i Sunyer d'Estudis Autonòmics i Locals, |
| Término indicativo de función |
entitat editora |
| 942 ## - ENTRADA DE ELEMENTOS AGREGADOS (KOHA) |
| Koha [por defecto] tipo de item |
Monografies |